Success through a positive mental attitude

Bibliographic Details
Main Author: Hill, Napoleon
Other Authors: Stone, W.Clement
Format: Book
Published: London : Angus & Robertson , 1992
Subjects:

MARC

LEADER 00000cam a2200000 7i4500
001 0000002150
002 000002347
005 20000330.0
020 |a 0207163197 
090 0 0 |a 158.1   |b HIL 
100 1 |a Hill, Napoleon 
245 0 0 |a Success through a positive mental attitude   |c Napoleon Hill and W.Clement Stone 
260 |a London :   |b Angus & Robertson ,   |c 1992 
300 |a 254p. ;   |c 20cm. 
650 0 0 |a Success 
700 1 |a Stone, W.Clement 
999 |a 033692   |b BUKU   |c PINJAMAN   |e PERPUSTAKAAN KOMUNITI PETALING JAYA